000
00258nam a2200109Ia 4500
008
200302s9999 xx 000 0 und d
100
_a
L. Tarasov
245
_a
This Amazingly Symmetrical World
260
_b
Mir Publishers
260
_c
1986
300
_a
164 P.,
999
_c
2334
_d
2334